000
00269nam a2200145Ia 4500
100
_a
Staredu
942
_c
BK
366
_f
20
654
_a
master java
245
_a
Learn to master java
260
_b
Staredu
300
_a
388
546
_a
ENGLISH
999
_c
33981
_d
33981